[Event "4th OHRA Crown Group"]
[Site "Amsterdam NED"]
[Date "1985.07.15"]
[Round "1"]
[White "Sunye Neto, Jaime"]
[Black "Martinovic, Slobodan"]
[Result "1/2-1/2"]
[WhiteElo "2510"]
[BlackElo "2430"]
[EventDate "1985.07.15"]
[PlyCount "84"]

1.c4 g6 2.Nc3 Bg7 3.g3 Nf6 4.Bg2 O-O 5.Nf3 c6 6.d4 d5 7.cxd5 cxd5 8.Ne5 e6
9.O-O Nfd7 10.Nf3 Nc6 11.Bf4 Nf6 12.Ne5 Bd7 13.Bg5 h6 14.Bxf6 Bxf6 15.Nxc6
Bxc6 16.Qd2 Kg7 17.e3 Qb6 18.Rfd1 Rfc8 19.Rac1 Rc7 20.Rc2 Rac8 21.Rdc1 Be7
22.Bf1 Bb4 23.Bd3 Bd7 24.a3 Bd6 25.Ne2 Bc6 26.Rc3 a5 27.Bb1 Qa7 28.Nf4 b5 
29.Nd3 b4 30.axb4 axb4 31.R3c2 Ba4 32.Rxc7 Rxc7 33.Nc5 Qa5 34.Nxa4 Rxc1+ 
35.Qxc1 Qxa4 36.Bc2 b3 37.Bd3 Bb4 38.Kf1 h5 39.h4 Qa2 40.Kg2 Qa5 41.Qd1 
Qa2 42.Qc1 Qa5 1/2-1/2

[Event "4th OHRA Crown Group"]
[Site "Amsterdam NED"]
[Date "1985.07.16"]
[Round "2"]
[White "Martinovic, Slobodan"]
[Black "Timman, Jan"]
[Result "0-1"]
[WhiteElo "2430"]
[BlackElo "2640"]
[EventDate "1985.07.15"]
[PlyCount "72"]

1.Nf3 Nf6 2.d4 g6 3.c4 Bg7 4.Nc3 d5 5.cxd5 Nxd5 6.Bd2 O-O 7.Rc1 Nb6 8.Bg5 
h6 9.Bf4 Nc6 10.e3 g5 11.Bg3 g4 12.Nd2 e5 13.dxe5 Nxe5 14.Qc2 Nd5 15.Bxe5 
Bxe5 16.Bc4 Nxc3 17.bxc3 Qd6 18.Ke2 Rd8 19.Rhd1 Qc6 20.Bb3 b6 21.Ne4 Ba6+ 
22.Ke1 Kg7 23.f4 gxf3 24.gxf3 f5 25.Qg2+ Kh8 26.Rxd8+ Rxd8 27.Rd1 Re8 28.
Bd5 Qb5 29.c4 Qb4+ 30.Nd2 Bg7 31.e4 Qd6 32.Qg3 f4 33.Qh4 c6 34.Bf7 Rd8 35.
Kf2 Rf8 36.Bh5 Qd3 0-1

[Event "4th OHRA Crown Group"]
[Site "Amsterdam NED"]
[Date "1985.07.16"]
[Round "2"]
[White "Sunye Neto, Jaime"]
[Black "Karpov, Anatoly"]
[Result "0-1"]
[WhiteElo "2510"]
[BlackElo "2720"]
[EventDate "1985.07.15"]
[PlyCount "66"]

1.c4 e5 2.Nc3 Nf6 3.e3 Nc6 4.Qc2 g6 5.a3 Bg7 6.b4 O-O 7.Nf3 e4 8.Ng5 Re8 
9.Bb2 d6 10.h4 Bf5 11.Ne2 h6 12.Nh3 a5 13.bxa5 Rxa5 14.Ng3 Bg4 15.Nf4 Ne5 
16.Bc3 Ra8 17.Nd5 Nh5 18.Nxh5 Bxh5 19.Be2 Bxe2 20.Kxe2 c6 21.Nf4 Qd7 22.
Qxe4 Ra4 23.Qc2 Rxc4 24.d4 Ng4 25.Qd3 b5 26.a4 Rxa4 27.Rxa4 bxa4 28.Ra1 
Nf6 29.Rxa4 Qg4+ 30.Kf1 Qxh4 31.Nh3 Nd5 32.Be1 Qe7 33.Rc4 Qb7 0-1

[Event "4th OHRA Crown Group"]
[Site "Amsterdam NED"]
[Date "1985.07.17"]
[Round "3"]
[White "Karpov, Anatoly"]
[Black "Martinovic, Slobodan"]
[Result "1/2-1/2"]
[WhiteElo "2720"]
[BlackElo "2430"]
[EventDate "1985.07.15"]
[PlyCount "144"]

1.e4 c5 2.Nf3 d6 3.d4 cxd4 4.Nxd4 Nf6 5.Nc3 a6 6.Be2 e6 7.O-O Be7 8.f4 O-O
9.Kh1 Qc7 10.a4 Nc6 11.Be3 Re8 12.Bf3 Na5 13.Qd3 Nc4 14.Bc1 e5 15.Nde2 
exf4 16.Nxf4 Ne5 17.Qd4 Be6 18.Be2 Rac8 19.Qe3 Qc6 20.Nxe6 fxe6 21.Qh3 Bd8
22.Bd3 Rc7 23.Bf4 Qc5 24.Qe3 Qxe3 25.Bxe3 Rc6 26.Bd4 Nxd3 27.cxd3 e5 28.
Bf2 Ba5 29.Be1 Bxc3 30.bxc3 d5 31.exd5 Nxd5 32.Rb1 Re7 33.c4 Nf4 34.d4 
Rxc4 35.Bb4 Rf7 36.dxe5 Ne6 37.Rxf7 Kxf7 38.Bd6 Rxa4 39.Rxb7+ Kg6 40.h3 h5
41.Kh2 Ra2 42.Kh1 Kf5 43.Rf7+ Ke4 44.Re7 Kd5 45.Rd7 g5 46.Bb8+ Ke4 47.Re7 
Nd4 48.e6 Kf5 49.Rd7 Nxe6 50.Rd5+ Kg6 51.g4 hxg4 52.hxg4 a5 53.Be5 a4 54.
Rd6 Kf7 55.Rd7+ Ke8 56.Ra7 Nf4 57.Kg1 Nh3+ 58.Kf1 Nf2 59.Rg7 Ne4 60.Ke1 
Rc2 61.Ra7 Rc5 62.Bh8 Rc4 63.Rg7 Kf8 64.Ke2 Ng3+ 65.Kd3 Rxg4 66.Ra7 Nh5 
67.Kc3 Ng3 68.Kd3 Ne4 69.Bd4 Kg8 70.Rg7+ Kf8 71.Ra7 Kg8 72.Rg7+ Kf8 
1/2-1/2

[Event "4th OHRA Crown Group"]
[Site "Amsterdam NED"]
[Date "1985.07.21"]
[Round "6"]
[White "Martinovic, Slobodan"]
[Black "Sunye Neto, Jaime"]
[Result "1/2-1/2"]
[WhiteElo "2430"]
[BlackElo "2510"]
[EventDate "1985.07.15"]
[PlyCount "121"]

1.e4 c5 2.Nf3 d6 3.c3 Nf6 4.Bd3 Nc6 5.Bc2 Bg4 6.d3 e6 7.Nbd2 d5 8.Qe2 Be7 
9.h3 Bh5 10.Nf1 Qc7 11.Ng3 Bg6 12.O-O dxe4 13.dxe4 Nh5 14.Nf5 O-O 15.Nxe7+
Nxe7 16.Nh4 Nf4 17.Qe3 e5 18.g3 Nh5 19.Qe2 Qc6 20.Kh2 Nf6 21.f3 Nd7 22.Be3
Rfd8 23.Qg2 f6 24.Nxg6 Nxg6 25.f4 exf4 26.gxf4 Re8 27.Rae1 Kh8 28.Qg3 c4 
29.Rg1 Re7 30.Qg4 Rae8 31.Qh5 Ndf8 32.Rg3 Qc7 33.Rf1 Rxe4 34.Bxe4 Rxe4 35.
Bd2 Qd6 36.Rf2 Qb6 37.Qf3 f5 38.Be3 Qc7 39.Qg2 Ne6 40.Bd2 Nexf4 41.Bxf4 
Nxf4 42.Qf3 g6 43.Kh1 Nd3 44.Rfg2 Qe5 45.Rg1 Kg7 46.b3 b5 47.bxc4 bxc4 48.
a4 Nf4 49.Rd1 Nd3 50.Rdg1 Kh6 51.Qg2 Nf4 52.Qd2 Re2 53.Qd4 Qc7 54.Rf3 Nh5 
55.Rg2 Re1+ 56.Rg1 Re2 57.Rg2 Qb7 58.Rgf2 Re4 59.Qd2+ Kg7 60.Kg1 Qe7 61.
Kf1 1/2-1/2

[Event "4th OHRA Crown Group"]
[Site "Amsterdam NED"]
[Date "1985.07.22"]
[Round "7"]
[White "Karpov, Anatoly"]
[Black "Sunye Neto, Jaime"]
[Result "1/2-1/2"]
[WhiteElo "2720"]
[BlackElo "2510"]
[EventDate "1985.07.15"]
[PlyCount "90"]

1.Nf3 Nf6 2.c4 e6 3.g3 d5 4.Bg2 dxc4 5.Qa4+ Bd7 6.Qxc4 Bc6 7.O-O Nbd7 8.
Qc2 e5 9.Nc3 Bc5 10.a3 a5 11.Rb1 a4 12.Ng5 Bxg2 13.Kxg2 Nb6 14.Qf5 Qe7 15.
d3 h6 16.Nge4 Nbd7 17.b3 axb3 18.Rxb3 Bb6 19.Nxf6+ Qxf6 20.Qxf6 Nxf6 21.f4
Ra5 22.Bd2 exf4 23.Rxf4 Re5 24.Rc4 O-O 25.Bf4 Re7 26.Kf3 Rfe8 27.e4 g5 28.
Bd2 Rd8 29.Na4 Nxe4 30.Rxe4 Rxe4 31.Bxg5 Rxd3+ 32.Rxd3 Rxa4 33.Bxh6 Bc5 
34.Bc1 Bd6 35.h4 f5 36.h5 Kf7 37.Rb3 b6 38.Rc3 Rg4 39.Bf4 Bxf4 40.gxf4 c5 
41.Rb3 Rh4 42.Kg3 Rxh5 43.Rxb6 Rh1 44.Rc6 Ra1 45.Kh4 Rg1 1/2-1/2

[Event "4th OHRA Crown Group"]
[Site "Amsterdam NED"]
[Date "1985.07.22"]
[Round "7"]
[White "Timman, Jan"]
[Black "Martinovic, Slobodan"]
[Result "1-0"]
[WhiteElo "2640"]
[BlackElo "2430"]
[EventDate "1985.07.15"]
[PlyCount "91"]

1.e4 c5 2.Nf3 d6 3.d4 cxd4 4.Nxd4 Nf6 5.Nc3 Nc6 6.Bg5 e6 7.Qd2 Be7 8.O-O-O
O-O 9.Nb3 Qb6 10.f4 a5 11.a4 Rd8 12.Bb5 Nb4 13.g4 e5 14.f5 d5 15.Bxf6 Qxf6
16.exd5 Qh4 17.Qe2 b6 18.Kb1 Bb7 19.Bc4 Rac8 20.h3 Bg5 21.Nd2 Nxd5 22.Bxd5
Bxd5 23.Nxd5 Rxd5 24.Nf3 Rxd1+ 25.Rxd1 Qh6 26.Nxe5 Qxh3 27.Nxf7 Qe3 28.
Qxe3 Bxe3 29.Rd7 h6 30.c3 Bf4 31.Nd6 Bxd6 32.Rxd6 Rc4 33.Rd4 Rc6 34.Kc2 
Kf7 35.Kd3 Kf6 36.b4 axb4 37.cxb4 Kg5 38.b5 Rc1 39.Rc4 Rd1+ 40.Kc2 Ra1 41.
Kb2 Re1 42.Rc6 Kxg4 43.Rxb6 h5 44.Rb8 h4 45.b6 h3 46.Rh8 1-0

[Event "4th OHRA Crown Group"]
[Site "Amsterdam NED"]
[Date "1985.07.23"]
[Round "8"]
[White "Martinovic, Slobodan"]
[Black "Karpov, Anatoly"]
[Result "1/2-1/2"]
[WhiteElo "2430"]
[BlackElo "2720"]
[EventDate "1985.07.15"]
[PlyCount "21"]

1.e4 e5 2.Nf3 Nc6 3.Bb5 a6 4.Ba4 Nf6 5.O-O Be7 6.Bxc6 dxc6 7.d3 Qd6 8.Bg5 
c5 9.Nbd2 Be6 10.Qe2 Nd7 11.Nc4 1/2-1/2